| 000 | 00613cam a22001817a 4500 | ||
|---|---|---|---|
| 008 | 180718b2010 xxu||||| |||| 00| 0 eng d | ||
| 020 | _a9788182744851 | ||
| 082 | _aT19x517 W233m | ||
| 245 |
_aMongolia in the 21st century : society, culture and international relations _cedited by K.Warikoo and Sharad K. Soni |
||
| 260 |
_aNew Delhi _bPentagon _c2010 |
||
| 300 | _a374p. | ||
| 650 | _aMongolia -- Civilization | ||
| 650 | _aMongolia -- Foreign relations -- India | ||
| 650 | _aMongolia -- Foreign relations | ||
| 650 | _aNational security -- Mongolia | ||
| 700 | _aSoni, Sharad K. | ||
| 700 | _aWarikoo, K. | ||
| 999 |
_c444327 _d444327 |
||